000
00322nam a22001337a 4500
008
171010b xxu||||| |||| 00| 0 eng d
020
_a
9780195135459
041
_a
eng
080
_2
3RD
_a
316
100
_a
50
101
_a
SOC
245
_a
PREVENTION AND CONTROL OF JUVENILE DELINQUENCY
_c
LUNDMAN,R.J
942
_2
udc
_c
BK
999
_c
32816
_d
32816